[Event "Turnier 40 / 120"]
[Site "Wien"]
[Date "2023.09.06"]
[Round "22"]
[White "Mephisto Lyon 68020"]
[Black "Novag Star Diamond"]
[Result "0-1"]
[WhiteElo "2172"]
[BlackElo "2161"]
[Annotator "Christian"]
[PlyCount "132"]
[EventDate "2023.??.??"]

{[%evp 0,132,20,21,22,-5,-5,6,33,37,37,15,20,23,21,6,2,-1,8,6,15,10,19,-13,-27,13,-22,-9,-4,-44,-1,-29,-23,-23,-9,-22,-14,-16,-16,-26,-25,-28,-3,-44,-37,-37,-41,-40,-44,-41,-52,-46,-29,-33,-67,-47,-73,-60,-77,-38,-43,-59,-56,-40,-55,-66,-70,-65,-78,-78,-78,-159,-163,-174,-191,-200,-98,-98,-92,-95,-95,-78,-122,-124,-150,-161,-167,-167,-159,-182,-167,-167,-161,-163,-163,-149,-137,-147,-147,-147,-157,-154,-116,-134,-100,-228,-234,-234,-250,-258,-278,-278,-299,-307,-328,-326,-258,-326,-326,-326,-257,-291,-309,-309,-258,-243,-264,-308,-339,-324,-347,-445,-450,-450,-492]} 1. d4 Nf6 {Runde 22: Damenindisch / Mephisto Lyon 68020 leistet sich mit 35. Th3 ?? einen absoluten Verlustzug, danach ist die Partie praktisch sofort verloren, Star Diamond nützt das konsequent zum Sieg und geht schon wieder in Führung in dieser Staffel, jetzt muss Lyon 68020 wirklich aufpassen, dass er nicht völlig den Anschluss verliert, jetzt wird es schon schwierig den 6-Punkte-Rückstand aufzuholen. / Stand: 14,0 : 8,0 ---> für Novag Star Diamond (63,64 %)} 2. c4 e6 3. Nf3 b6 4. Nc3 Bb7 5. Bg5 {Buchende} Be7 6. e3 {Buchbewertung Mephisto Lyon 68020: +0,18} h6 7. Bh4 c5 {Buchende} 8. Bd3 cxd4 {Buchbewertung Novag Star Diamond: +0,30 / lt. Stockfish ist die Stellung etwa gleich} 9. exd4 d5 10. cxd5 Nxd5 11. Bg3 Nc6 12. O-O O-O 13. a3 Rc8 14. Bc2 Ba6 15. Bd3 Bxd3 16. Qxd3 Bd6 17. Bh4 Nf4 18. Qe4 Qd7 19. Rfe1 f5 20. Qe3 Rfe8 21. Ne5 Bxe5 22. dxe5 Qd4 23. Bg3 $2 {ein schwacher Zug, danach steht Schwarz besser, Stockfish -1,00, besser ist Dg3} Qxe3 24. Rxe3 Nh5 25. f4 g5 {etwas besser ist Ted8, Stockfish +0,70} 26. Rf1 Red8 27. fxg5 hxg5 28. Be1 Nd4 29. Rf2 Rc4 {weniger gut, danach ist Schwarz nur noch hauchdünn im Vorteil mit ca. +0,20, deutlich besser ist Kg7} 30. Bd2 $4 {ein Verlustzug, danach ist die Partie praktisch schon verloren, das richtige Feld aber die falsche Figur, der Turm muss nach d2, Stockfish -2,00} (30. Rd2 {[%eval -34,34] Dragon 3.1 by Komodo Chess 64-bit:} Nf4 31. Kf1) 30... Nf4 $4 {ein ganz schlechter Zug, der den Vorteil von Schwarz mehr als halbiert, Stockfish +0,70, deutlich stärker ist Kg7} 31. Rg3 Kf7 32. Bxf4 gxf4 33. Rh3 Kg7 {besser ist Sc6, Stockfish +0,40} 34. Rh5 {besser ist Th4, Stockfish -0,70} Nc6 35. Rh3 $2 {ein absoluter Verlustzug, danach ist die Partie bereits klar verloren, Stockfish -4,00, Lyon 68020 verwirft im letzten Augenblick den richtigen Zug Th4, danach wäre noch nichts verloren gewesen mit nur ca. -0,70} Nxe5 36. b3 Rcd4 37. Nb5 R4d5 38. Nc7 Rd1+ 39. Rf1 R1d6 $4 {ein ganz schlechter Zug, der den Vorteil von Schwarz halbiert, Stockfish +2,30, sofort gewonnen hätte Kf7 mit ca. +4,50} 40. Rxf4 Rc6 41. Nb5 a6 42. Nd4 $2 {ein schlechter Zug, deutlich mehr Widerstand leistet Sc3, Stockfish -3,70} Rc1+ $1 43. Kf2 Kf7 44. Rh7+ Kg8 {besser ist Kg6} 45. Rh3 Rd6 {besser wäre die Fehlerkorrektur mittels Kf7, aber gut das geht natürlich nicht für Star Diamond, da Stellungswiederholung und aus seiner Sicht daher 0,00, aber auch der Textzug gewinnt die Partie noch klar, Stockfish +3,00} 46. Rg3+ Kf7 47. Rh4 Ng4+ 48. Rgxg4 fxg4 49. Rxg4 Ra1 50. a4 e5 51. Nf3 Kf6 52. Nh4 $4 {verliert forciert, deutlich mehr Widerstand leistet noch h4, Stockfish -4,70} Rd4 53. Rxd4 exd4 54. Nf3 Ra2+ 55. Kf1 d3 56. g4 Rb2 57. Ke1 Re2+ {gewinnt natürlich auch, aber warum nicht Txb3 ?} 58. Kf1 Re3 59. Kf2 Re4 60. h3 Re2+ 61. Kf1 Kg7 62. b4 Re4 63. Kf2 Kf6 64. a5 b5 65. Kf1 Rf4 $1 66. Kg2 Rxb4 {Rest geschenkt} 0-1

[Event "Turnier 40 / 120"]
[Site "Wien"]
[Date "2023.09.07"]
[Round "23"]
[White "Novag Star Diamond"]
[Black "Mephisto Lyon 68020"]
[Result "1-0"]
[WhiteElo "2161"]
[BlackElo "2172"]
[Annotator "Christian"]
[PlyCount "98"]
[EventDate "2023.??.??"]

{[%evp 0,98,22,42,78,80,83,83,87,12,49,36,91,44,36,56,103,-24,-16,0,140,140,111,109,130,110,101,81,123,128,69,89,67,72,104,102,54,56,49,70,70,51,111,91,109,54,90,69,89,57,92,84,96,90,140,153,153,82,108,89,89,98,99,99,120,122,122,82,129,95,100,96,161,69,122,81,84,56,173,261,499,242,374,368,510,552,552,635,651,689,998,1101,1116,1101,1294,657,1043,670,1351,29982,29983]} 1. e4 d6 {Runde 23: Pirc Ufimzew, Dreibauernangriff / Eine sehr schwierige Partie für beide Geräte in der beide zu keiner Rochade kommen und es damit zu entsprechenden Verwicklungen im Mittelspiel kommt. Es kommt zu wechselseitigen Ungenauigkeiten in Summe hat aber wieder Novag Star Diamond den klar besseren Überblick. Der Wettkampf wird leider immer einseitiger und Novag Star Diamond entwickelt sich schön langsam zu einem Angstgegner für Lyon 68020, der jetzt bereits 7 Punkte zurück liegt, also man soll sich ja nicht zu weit aus dem Fenster lehnen, man hat ja schon wilde Serien gesehen, aber ich glaube fast, das war es dann schon, für mich ist hier bereits eine Vorentscheidung gefallen. / Stand: 15,0 : 8,0 ---> für Novag Star Diamond (65,22 %)} 2. d4 Nf6 3. Nc3 g6 4. f4 Bg7 5. Nf3 c5 6. Bb5+ Bd7 7. e5 Ng4 8. e6 Bxb5 9. exf7+ Kd7 10. Nxb5 Qa5+ 11. Nc3 cxd4 12. Nxd4 {Buchende} h5 13. Qd3 {Buchbewertung Novag Star Diamond: +1,38 / viel zu optimistisch lt. Stockfish ist die Stellung im Lot / ein schlechter erster Zug, deutlich besser ist h3 mit klarem Vorteil für Weiss mit ca. +0,80} Bxd4 14. Qxd4 Nc6 {Buchende} 15. Qc4 Qb6 $1 {Buchbewertung Mephisto Lyon 68020: -0,36 sieht es realistischer als Star Diamond, der richtige Zug die Stellung ist im Lot, Stockfish 0,00} 16. Ne4 Raf8 17. c3 Nxh2 $1 18. Ng5 Ng4 19. Qe6+ Kc7 20. Rf1 Nf6 $2 {ein schlechter Zug, danach ist Weiss bereits klar im Vorteil, Stockfish -1,30, nötig war Kb8 mit Ausgleich} 21. a4 $2 {der falsche Bauer, das bringt keinerlei Vorteil für Weiss, die Stellung ist wieder im Lot, Stockfish 0,00, nötig war b4} Kb8 22. a5 Qb5 23. a6 bxa6 $2 {ein schlechter Zug, danach ist Weiss klar im Vorteil, Stockfish -1,50, deutlich besser ist Sd8 mit Ausgleich} 24. Rf3 {besser ist Le3, Stockfish +1,00} Kb7 $4 {ein Verlustzug, danach ist die Partie bereits klar verloren, Stockfish -3,50, nötig war h4 mit ca. -1,00} (24... h4 {[%eval 117,39] Stockfish dev-20230702-9a2d50ec:} 25. Qa2 h3 26. gxh3 Qb7 27. Rg3 Nh7 28. Ne6 Rxf7 29. Nc5 dxc5 30. Qxf7 Rd8 31. Qe6 Nf6 32. Rg1 Rd6 33. Qe2 Qd7 34. Rg3 Qf5 35. Rf3 Re6 36. Be3 Nd5 37. Rd1 Re4 38. Kf2 Kb7 39. Qd3 Nxe3 40. Rxe3 Qxf4+ 41. Ke2 Rxe3+ 42. Qxe3 Qh2+ 43. Ke1 Qxb2 44. Qxc5 Kc7 45. Qe3 a5 46. Qf4+ Kb7 47. Rd7+ Ka6 48. Qf1+ Kb6 49. Qg1+ Ka6 50. Qc5 Qb1+ 51. Ke2) 25. b3 $4 {ein ganz schlechter Zug, der den Vorteil von Schwarz halbiert, Stockfish +1,70, sofort gewonnen hätte c4} Qc5 $2 {mehr Widerstand leistet Ka8, Stockfish -2,30} 26. Qe2 $1 Qg1+ 27. Rf1 Qb6 {Lyon 68020 schätzt diese Stellung völlig falsch ein und sieht sich hier sogar leicht im Vorteil, Bewertung: +0,42 / Stockfish -2,50} 28. Qd3 $2 {Novag Star Diamond sieht sich hingegen klar im Vorteil: +1,38 / das ist jedoch ein schwacher Zug, der eine ganze Bauerneinheit einbüsst, dennoch liegt Star Diamond mit seiner Bewertung gut, Stockfish +1,50, deutlich stärker war aber b4 mit ca +2,50} Rh6 $2 {ein ganz schlechter Zug, der den Nachteil von Schwarz verdoppel, danach ist die Partie wieder klar verloren, Stockfish -3,00, deutlich besser ist Db5 mit ca. -1,50} 29. Be3 {besser ist b4, Stockfish +2,50} Qb5 30. Qc2 {besser ist c4, Stockfish +2,00} Ng4 $2 {deutlich besser ist h4, Stockfish -2,80} 31. Bg1 a5 32. Rf3 $1 Kb8 $4 {deutlich mehr Widerstand leistet noch T6h8, Stockfish -4,50} 33. Ra4 $4 {ein ganz schlechter Zug, der den Vorteil von Weiss halbiert, Stockfish +2,20, sofort gewonnen hätte b4} Nf6 $2 {Lyon 68020 verwirft im letzten Moment wegen einer Bewertungsdifferenz von +0,03 den weit besseren Zug Df5, Stockfish -3,70, danach ist die Partie wieder klar verloren} 34. Rc4 {neuerlich wird das klar stärkere b4 verschmäht, aber auch der Textzug gewinnt die Partie, Stockfish +3,00} a6 35. Qd2 Nd7 $4 {ein ganz schlechter Zug, der mehr als ganze 2 Bauerneinheiten einbüsst, Stockfish -6,00, die beste Fortsetzung ist aber nicht machbar für einen Oldie: Th7 !!!} 36. Qa2 $4 {ein grottenschlechter Zug, der den Vorteil von Weiss halbiert, Stockfish +3,00, sofort gewonnen hätte Te3 mit +6,00} h4 37. Qa3 $2 {ein Horrorzug, der auf einen Schlag den gesamten Vorteil verschenkt, danach steht sogar Schwarz schon etwas besser, Stockfish -0,40, nötig war De2 mit ca. +3,00} Nf6 $2 {so aber nicht, der nächste Verlustzug, Stockfish -4,00, verschenkt ganze 4 Bauerneinheiten, nötig war Th5} 38. Rd3 $4 {diese Stellung überfordert beide Geräte wirklich hoffnungslos, verschenkt gleich wieder ganze 2,5 Bauerneinheiten, Stockfish +1,50, nötig war Te3} Nh5 $2 {ein absoluter Verlustzug, der ganze 14 Bauerneinheiten einstellt, danach ist sofort alles aus, Stockfish -16,00 !!!, nötig war h3} 39. Rxd6 $1 {richtig und das war es dann} Nb4 $2 {Stockfish Matt in 34, länger überlebt noch Sxf4} 40. Rd2 $2 {völlig falsch, gewinnt aber auch, Stockfish +6,00, nötig war aber cxb4, aber gut ein Matt in 34 kann ein Oldie nicht sehen} Nxf4 41. Rxf4 Nd3+ {besser ist noch Th5, aber es spielt keine Rolle mehr, Stockfish -8,00} 42. Rxd3 Qxd3 43. Qc5 Qg3+ 44. Rf2 Rh5 $2 {Stockfish Matt in 15, aber das ist natürlich ausserhalb der Reichweite von Lyon 68020} 45. Qb6+ {[%emt 0:00:20] schneller führt Dxe7 zum Matt, aber hier schon egal, Stockfish Matt in} Ka8 46. Qc6+ Ka7 47. Kd1 {[%emt 0:00:10] Matt in} Kb8 48. Rd2 Qc7 49. Ba7+ {Novag Star Diamond: Mattankündigung in 10 !! / es geht schon in 8 aber trotzdem beachtlich !} Qxa7 {Mephisto Lyon 68020: -13,4 -- aufgegeben} 1-0

[Event "Turnier 40 / 120"]
[Site "Wien"]
[Date "2023.09.07"]
[Round "24"]
[White "Mephisto Lyon 68020"]
[Black "Novag Star Diamond"]
[Result "1-0"]
[WhiteElo "2172"]
[BlackElo "2161"]
[Annotator "Christian"]
[PlyCount "100"]
[EventDate "2023.??.??"]

{[%evp 0,93,22,29,57,61,59,27,24,26,31,37,60,-11,94,61,62,61,61,58,70,36,36,27,29,-1,68,58,104,52,66,75,129,109,133,149,149,159,164,161,188,151,158,158,197,184,212,180,228,223,267,255,285,262,354,317,343,320,370,342,337,330,329,321,338,327,327,307,312,317,315,316,338,314,370,351,342,338,340,326,383,321,357,323,320,346,346,374,325,374,397,398,391,460,583,583]} 1. e4 c6 {Runde 24: Caro Cann, Zweispringervariante / Bei dieser Eröffnungswahl von Novag Star Diamond muss man die berechtigte Frage nach einem Buchfehler stellen, die beiden mehr als fragwürdigen Züge 5.gxf6 ?? und 6. e6 ?? (beides noch Buchzüge) bringen Weiss bereits klar in Vorteil und nach dem allerersten berechneten Zug 7. e5 ?? ist die Partie bereits verloren, obwohl sich Star Diamond da sogar noch im Vorteil sieht. / Auch Lyon 68020 spielt nicht optimal weiter, aber nach dieser Eröffnung kann sich Star Diamond nicht mehr erholen und verliert hier letztlich chancenlos, rettet wahrscheinlich den Wettkampf auch nicht mehr, aber immerhin ein Lebenszeichen von Lyon 68020. / Stand: 15,0 : 9,0 ---> für Novag Star Diamond (62,50 %)} 2. Nf3 d5 3. Nc3 dxe4 4. Nxe4 Nf6 5. Nxf6+ gxf6 6. Be2 e6 $2 {ein ganz schlechter Buchzug, den man fast schon als Buchfehler bezeichnen muss, um eine ganze Bauerneinheit schlechter als Tg8, danach steht Weiss bereits klar besser, Stockfish -1,20} (6... Rg8 {[%eval 40,34] Stockfish dev-20230702-9a2d50ec:} 7. g3 Bh3 8. d4 Nd7 9. Qd3 Qa5+ 10. Bd2 Qf5 11. Qxf5 Bxf5 12. O-O-O e6 13. Rhe1 Bg4 14. c4 Be7 15. Bc3 Rd8 16. a4 f5 17. Kc2 Nf6 18. Ne5 Bxe2 19. Rxe2 Ng4 20. d5 Nxe5 21. Rxe5 Bf6 22. Re3 Bxc3 23. Rxc3 Ke7 24. dxc6 bxc6 25. Rxd8) 7. O-O {Buchende} e5 $2 {Buchbewertung Novag Star Diamond: +0,23 / greift hier in allen Belangen voll daneben, sowohl mit seiner Einschätzung als auch mit dem 1. berechneten Zug, deutlich besser ist noch c5 nach dem Textzug ist die Partie praktisch nach dem allerersten berechneten Zug bereits verloren, Stockfish -1,80, aber natürlich gilt dieser Kommentar wieder nur für Stockfish 16, für Lyon 68020 ist das natürlich noch lange nicht erledigt} 8. d4 $1 {Buchbewertung Mephisto Lyon 68020: +0,60 / der richtige Zug, Stockfish +1,80} e4 9. Ne1 {besser ist Sh4, aber Weiss bleibt klar im Vorteil, Stockfish +1,50} Be6 10. Bf4 $2 {ein schwacher Zug, der den Vorteil von Weiss etwa halbiert, Stockfish +0,70, deutlich besser ist f3} Bd6 {auch nicht ideal, besser ist c5, Stockfish -1,00} 11. Bxd6 Qxd6 12. Qd2 c5 13. Rd1 Nc6 $2 {ein schlechter Zug, danach ist Weiss wieder klar im Vorteil, Stockfish -1,40, deutlich besser ist entweder Dxd4 oder cxd4} 14. d5 $1 O-O-O 15. c4 Rhg8 $2 {besser ist noch Lf5, nach dem Textzug ist die Partie praktisch verloren, Stockfish -2,10} 16. f3 $1 exf3 $2 {Star Diamond hat völlig den Überblick verloren, deutlich besser ist noch f5, Stockfish -2,60} 17. Nxf3 Bh3 18. Rf2 Ne7 19. Nh4 Bg4 {besser ist noch Sg6, Stockfish -3,20} 20. Qh6 $2 {ein schlechter Zug, der ca. 1,2 Bauerneinheiten einbüsst, Stockfish +2,00} Bxe2 $2 {wie gewonnen, so zeronnen, gibt gleich wieder alles retour, Stockfish -3,00, deutlich besser ist f5} 21. Rxe2 Rg4 22. b3 Ng6 23. Nf5 {ab hier kann man sich weitere Kommentare ersparen, es sei denn Lyon 68020 macht noch einen Megabock, aber im Normalfall ist hier alles erledigt, Stockfish -4,00} Qd7 24. Rf1 Rg5 25. Ng3 Re5 26. Ref2 Rde8 27. Rxf6 Nh8 28. Qxh7 Qe7 29. Qd3 Kb8 30. Qd2 Ka8 31. Qh6 Qd7 32. Qg7 Qd8 33. Rh6 Re3 34. Rh7 a6 35. Qh6 R3e5 36. a3 Qc8 37. Qb6 Rg5 38. Qf6 Rgg8 39. Qf2 Re5 40. Kh1 Qc7 41. Qf4 Rge8 42. Qf6 Qb8 43. b4 cxb4 44. axb4 Re3 45. b5 a5 46. Qa1 Qe5 $2 47. Qxa5+ {Rest geschenkt / hier wurde die Partie ursprünglich von mir als 1-0 gewertet, nach Einwand von Wolfgang wird sie fortgesetzt, obwohl ich schon sagen muss, das halte ich für unnötig, aber gut ich mache es natürlich wie immer, jeder Einwand wird ernst genommen, sonst müsste ich die Partien ja gar nicht zur Diskussion ins Forum stellen, aber eine kleine Privatwette wage ich hier schon, Sieg für Weiss zu 100 %, den Rest der Partie werde ich auch nicht mehr kommentieren, das halte ich ehrlich gesagt für nicht nötig, da kann nichts mehr passieren !} Kb8 48. b6 Re1 49. c5 Kc8 50. Qa8+ Qb8 {Schwarz gibt auf} 1-0

[Event "Turnier 40 / 120"]
[Site "Wien"]
[Date "2023.09.08"]
[Round "25"]
[White "Novag Star Diamond"]
[Black "Mephisto Lyon 68020"]
[Result "1/2-1/2"]
[WhiteElo "2161"]
[BlackElo "2172"]
[Annotator "Christian"]
[PlyCount "96"]
[EventDate "2023.??.??"]

{[%evp 0,96,41,28,43,31,38,22,49,58,54,49,44,34,39,51,41,32,58,31,18,20,21,20,32,30,12,8,8,-14,-13,-21,1,-7,-12,-2,-19,-12,0,-9,11,-9,14,-6,3,-13,-31,-24,-24,-18,-17,-18,0,-5,17,0,0,-16,-23,-24,-18,-3,-30,-32,-21,-61,-32,-38,-25,-52,-13,-21,-30,-22,-11,-18,-12,-18,-8,-9,-14,-14,-12,-17,-16,-13,-7,-9,0,0,0,0,0,0,0,0,0,0,0]} 1. e4 e6 {Runde 25: Französisch, Rubinstein / Eine perfekte Partie beider Geräte mit nicht den geringsten Fehlern endet mit einem leistungsgerechten Remis, dazu kann man nur gratulieren, selbst lt. Stockfish 16 bewegte sich die Stellungsbewertung in einem Rahmen von unglaublichen +/- 0,30, bermerkenswert !! Also ich muss sagen, das Niveau des Wettkampfes hat sich im Vergleich mit der katastrophalen Anfangsphase doch deutlich verbessert. / Stand: 15,5 : 9,5 ---> für Novag Star Diamond (62,00 %)} 2. d4 d5 3. Nd2 dxe4 4. Nxe4 Be7 5. Nf3 Nd7 6. Bd3 Ngf6 7. O-O (7. Nxf6+ Bxf6 8. O-O c5 9. c3 cxd4 10. cxd4 O-O 11. Qc2 g6 12. Re1 Nb6 13. Be4 Nd5 14. Bh6 Bg7 15. Bxg7 Kxg7 16. Rac1 Nf6 17. Qc7 Qxc7 18. Rxc7 Ne8 19. Rc3 f6 20. g4 g5 21. Bc2 Bd7 22. Bb3 Kf7 23. Nd2 Rd8 24. Ne4 Bc6 25. Nc5 Rxd4 26. Nxe6 Rxg4+ 27. Rg3 Rxg3+ 28. hxg3 Rh8 29. Nxg5+ Kg6 30. Nf7 Rf8 31. Re7 Ng7 32. Bc2+ Kh5 33. Nd6 Kh6 34. g4 f5 35. gxf5 Bd5 36. Kh2 Rf6 37. Rd7 Nh5 38. Nxb7 Bc6 39. Rc7 Kg5 40. Rxh7 Nf4 41. Nc5 Rd6 42. Be4 Bb5 43. a4 Be2 44. b4 a6 45. Ne6+ Nxe6 46. fxe6 Rxe6 47. Bg2 Rb6 48. Rb7 Rh6+ 49. Kg3 Kf5 50. Bh3+ Ke4 51. Re7+ Kd3 52. Bg4 Bxg4 53. Kxg4 Rg6+ 54. Kf5 Rb6 55. b5 axb5 56. axb5 Rxb5+ 57. Kg4 Rb8 58. f4 Rg8+ 59. Kh5 Rf8 60. Kg5 Rg8+ 61. Kf6 Rf8+ 62. Ke5 Ke3 63. f5 Kf3 64. f6 {1-0 (64) Short,N (2702)-Harikrishna,P (2582) Mumbai 2004}) 7... Nxe4 8. Bxe4 c5 9. dxc5 {Buchende} Nxc5 {Buchende} 10. Qe2 {Buchbewertung Novag Star Diamond: +0,07} Nxe4 {Buchbewertung Mephisto Lyon 68020: +0,24 / lt. Stockfish ist die Stellung exakt im Lot 0,00} 11. Qxe4 O-O 12. Be3 Qc7 13. Rfd1 Bd7 14. Bf4 Bc6 15. Qe3 Qa5 16. Ne5 Rfd8 17. Nxc6 bxc6 18. Qb3 Bg5 19. Bd6 Qb6 20. Qa3 Qb5 21. Rab1 Bf6 22. Rd3 a5 23. h3 a4 24. Rd2 Bg5 25. Rd4 Be7 26. Rbd1 Bf6 27. Rb4 Qa5 28. Rd3 c5 29. Re4 Bd4 30. Be5 Qb6 31. Bxd4 cxd4 32. Rg4 g6 33. Re4 Rac8 34. Re2 Qb7 35. Red2 Rc4 36. c3 Qc7 37. Rxd4 Rcxd4 38. Rxd4 Rxd4 39. cxd4 Qc1+ 40. Kh2 Qf4+ 41. Qg3 Qxd4 42. Qb8+ Kg7 43. f4 g5 44. fxg5 e5 45. Kh1 Qd1+ 46. Kh2 Qd4 47. Kh1 Qd1+ 48. Kh2 Qd4 {eine perfekte Partie beider Geräte, dazu kann man nur gratulieren, die Stellungsbewertung von Stockfish 16 bewegte sich nur im Rahmen von  0,30, absolut bemerkenswert eine Topleistung mit Seltenheitswert !!! Stellungswiederholung} 1/2-1/2